Journal of physics. Condensed matter.

Guardado en:
Autores Corporativos: Latin-American Symposium on Surface Science (SLAFS7-CIACSA1 Bariloche, Argentina), Institute of Physics (Great Britain), American Institute of Physics.
Formato: Libro
Idioma:Undetermined
Publicado: Bristol, UK : IOP Pub., 1993.
Materias:
Etiquetas: Agregar Etiqueta
Sin Etiquetas, Sea el primero en etiquetar este registro!
LEADER 01144nam a22002535a 4500
001 EIQ.libpla004125
008 080701s1993####enka#####b####100#0#und#d
005 20080701181602.0
245 1 0 |a Journal of physics.  |p Condensed matter. 
246 3 0 |a Condensed matter 
260 |a Bristol, UK :  |b IOP Pub.,  |c 1993. 
300 |a 1 v. (en varias paginaciones) :  |b il. ;  |c 23 cm. 
500 |a "Special issue containing papers presented at the Seventh Latin-American Symposium on Surface Science (SLAFS7-CIACSA1) Bariloche, Argentina, 15-20 November 1992". 
500 |a Datos tomados de la cubierta. 
504 |a Incluye referencias bibliográficas. 
111 2 |a Latin-American Symposium on Surface Science (SLAFS7-CIACSA1  |n (7th :  |d 1992 :  |c Bariloche, Argentina) 
710 2 |a Institute of Physics (Great Britain) 
710 2 |a American Institute of Physics. 
650 4 |a Catálisis  |x Congresos. 
650 4 |a Ciencia de superficies  |x Congresos. 
650 4 |a Catalysis  |x Congresses. 
650 4 |a Surface science  |x Congresses. 
040 |a AR-BbSID  |b spa  |c AR-BbSID 
859 |a AR-BbSID  |b BIB. PLAPIQUI  |h 541.345 3  |i L 349  |p 3415  |t Supl. 33A  |v vol. 5 supl.33 A  |3 Vol. 5